LEADER 01821nas 2200517-a 450 001 9910219888403321 005 20240413021526.0 035 $a(CKB)962824946121 035 $a(CONSER)---81641518- 035 $a(EXLCZ)99962824946121 100 $a19810328b19802016 --- a 101 0 $aeng 181 $ctxt$2rdacontent 182 $cc$2rdamedia 183 $acr$2rdacarrier 200 04$aThe Journal of staff development 210 $a[Oxford, Ohio] $cNational Staff Development Council 210 3 $a[Oxford, Ohio] $cLearning Forward 215 $a1 online resource 300 $aRefereed/Peer-reviewed 300 $aAt head of title, winter 1991-fall 2002: JSD. 311 08$aPrint version: The Journal of staff development. 0276-928X (DLC) 81641518 (OCoLC)07271402 517 1 $aJSD 517 1 $aJournal of the National Staff Development Council 517 1 $aLearning forward journal 531 $aTHE JOURNAL OF STAFF DEVELOPMENT 531 0 $aJ. staff dev. 606 $aAdult education$zUnited States$vPeriodicals 606 $aTeachers$xTraining of$zUnited States$vPeriodicals 606 $aAdult education$2fast$3(OCoLC)fst00797275 606 $aTeachers$xTraining of$2fast$3(OCoLC)fst01144404 607 $aUnited States$2fast$1https://id.oclc.org/worldcat/entity/E39PBJtxgQXMWqmjMjjwXRHgrq 608 $aPeriodicals.$2fast 608 $aPeriodicals.$2lcgft 615 0$aAdult education 615 0$aTeachers$xTraining of 615 7$aAdult education. 615 7$aTeachers$xTraining of. 676 $a374/.973 712 02$aNational Staff Development Council (U.S.) 712 02$aLearning Forward. 906 $aJOURNAL 912 $a9910219888403321 920 $aexl_impl conversion 996 $aThe Journal of staff development$92132356 997 $aUNINA LEADER 00852nam0-22003011i-450 001 990005690700403321 005 20230801102354.0 035 $a000569070 035 $aFED01000569070 035 $a(Aleph)000569070FED01 035 $a000569070 100 $a19990604d1964----km-y0itay50------ba 101 0 $aita 105 $ayf------00--- 200 1 $aVittore Carpaccio$fTerisio Pignatti 210 $aMlao$cFratelli Fabbri$dc1964 215 $a3 c., 16 tav.$d35 cm 225 1 $a<>maestri del colore$v3 610 0 $aCarpaccio, Vittore$aOpere 676 $a759$v21$zita 700 1$aCarpaccio,$bVittore$f<1455?-1525?>$0211984 801 0$aIT$bUNINA$gRICA$2UNIMARC 901 $aBK 912 $a990005690700403321 952 $a759 MAE 1 (3)$bST.ARTE 10559$fFLFBC 959 $aFLFBC 996 $aVittore Carpaccio$94289373 997 $aUNINA